Nella casa /

Uloženo v:
Podrobná bibliografie
Hlavní autor: Rombi, Philippe (Skladatel)
Další autoři: Almeras, Jérôme (Fotograf), Luchini, Fabrice (Herec), Ozon, François (Režisér), Menochet, Denis (Herec), Umhauer, Ernst (Herec), Scott-Thomas, Kristin (Herec), Seigner, Emmanuelle (Herec), Mayorga, Juan
Médium: Video
Jazyk:italština
francouzština
Vydáno: [Roma] : BIM, [2013]
Tagy: Přidat tag
Žádné tagy, Buďte první, kdo vytvoří štítek k tomuto záznamu!

MARC

LEADER 00000ngm a22000007i 4500
001 IT\ICCU\MOD\1622115
003 ItRI
005 20260124182820.0
008 131106s2013 it |||||||||||||||k|||||c
024 3 1 |a 8032807050294 
028 4 2 |a 05029 
040 |b ita 
041 7 |a ita  |a fre  |2 ISO-639-2 
082 |a 791.43  |9 CINEMA  |2 14 
130 0 |a Dans la maison <film ; 2012>  |3 IT\ICCU\MOD\1622118 
245 0 0 |a Nella casa /  |c un film di François Ozon ; [con] Fabrice Luchini ... [et al.] ; [adattamento François Ozon tratto da Il ragazzo dell'ultimo banco di Juan Mayorga ; musica originale: Philippe Rombi ; fotografia: Jérôme Almeras]. 
260 |a [Roma] :  |b BIM,  |c [2013] 
300 |a 1 DVD-Video (105 min.) :  |b color., sonoro 
500 |a Titolo del contenitore 
500 |a Prima del titolo: Mandarin cinema presenta 
500 |a Produzione cinematografica Francia 2012 
500 |a Lingue: italiano, francese; sottotitoli: italiano 
500 |a Altri interpreti: Fabrice Luchini, Kristin Scott Thomas, Emmanuelle Seigner, Denis Menochet, Ernst Umhauer 
500 |a Caratteristiche tecniche: regione all; PAL; video 16:9, 1.85:1; audio Dolby digital 5.1 
500 |a Contenuti speciali: scene eliminate, making of, trailers. 
700 1 |a Almeras, Jérôme  |0 IT\ICCU\LO1V\358105  |4 pht 
700 1 |a Luchini, Fabrice  |0 IT\ICCU\MILV\189549  |4 act 
700 1 |a Ozon, François  |0 IT\ICCU\MILV\258665  |4 drt 
700 1 |a Menochet, Denis  |0 IT\ICCU\MODV\653467  |4 act 
700 1 |a Umhauer, Ernst  |0 IT\ICCU\MODV\653468  |4 act 
700 1 |a Rombi, Philippe  |0 IT\ICCU\RAVV\389784  |4 cmp 
700 1 |a Scott-Thomas, Kristin  |0 IT\ICCU\UBOV\483641  |4 act 
700 1 |a Seigner, Emmanuelle  |0 IT\ICCU\UBOV\484149  |4 act 
700 1 |a Mayorga, Juan  |0 IT\ICCU\USMV\745335 
790 1 |a Thomas, Kristin Scott  |3 IT\ICCU\RAVV\682669  |z Scott-Thomas, Kristin 
942 |2 ddc  |c VM  |n 0 
952 |0 0  |1 0  |4 0  |6 VO_2122_000000000000000  |7 0  |9 26789  |a BO  |b BO  |d 2026-01-24  |i 17345  |l 0  |o VO 2122  |p BO17345  |r 2026-01-24 18:28:20  |w 2026-01-24  |x [Sebina 7] [1 dvd]  |y VM  |z 1 dvd 
999 |c 22660  |d 22660